000
00245nam a2200097Ia 4500
001
793104
005
20250826170642.0
008
250824s9999 xx 000 0 und d
245
0
_a
RABB İN İÇİN SABRET
_c
UĞUR KOŞAR
260
_b
DESTEK YAYINLARI
999
_c
793104
_d
793104